What I wish I knew when I was 20 : (Record no. 6949)
[ view plain ]
| 000 -LEADER | |
|---|---|
| fixed length control field | 01735cam a2200361 4500 |
| 001 - CONTROL NUMBER | |
| control field | 8071 |
| 005 - DATE AND TIME OF LATEST TRANSACTION | |
| control field | 20230228141744.0 |
| 008 - FIXED-LENGTH DATA ELEMENTS--GENERAL INFORMATION | |
| fixed length control field | 230228b |||||||| |||| 00| 0 eng d |
| 010 ## - LIBRARY OF CONGRESS CONTROL NUMBER | |
| LC control number | 2009004879 |
| 020 ## - INTERNATIONAL STANDARD BOOK NUMBER | |
| International Standard Book Number | 0061735191 |
| International Standard Book Number | 978-0-06-298187-5 |
| International Standard Book Number | 0062047418 |
| International Standard Book Number | 9780061735196 |
| International Standard Book Number | 9780062047410 |
| 082 ## - DEWEY DECIMAL CLASSIFICATION NUMBER | |
| Classification number | 370.113 |
| 100 ## - MAIN ENTRY--PERSONAL NAME | |
| Personal name | Seelig, Tina. |
| 245 10 - TITLE STATEMENT | |
| Title | What I wish I knew when I was 20 : |
| Remainder of title | a crash course on making your place in the world / |
| Statement of responsibility, etc. | Tina L. Seelig |
| 246 3# - VARYING FORM OF TITLE | |
| Title proper/short title | What I wish I knew when I was twenty |
| 250 ## - EDITION STATEMENT | |
| Edition statement | First edition |
| 264 #1 - PRODUCTION, PUBLICATION, DISTRIBUTION, MANUFACTURE, AND COPYRIGHT NOTICE | |
| Place of production, publication, distribution, manufacture | New York, NY : |
| Name of producer, publisher, distributor, manufacturer | HarperCollins Publishers, |
| Date of production, publication, distribution, manufacture, or copyright notice | 2009 |
| 300 ## - PHYSICAL DESCRIPTION | |
| Extent | 195 pages ; |
| Dimensions | 21 cm |
| 500 ## - GENERAL NOTE | |
| General note | Includes bibliographical references |
| 504 ## - BIBLIOGRAPHY, ETC. NOTE | |
| Bibliography, etc. note | Includes bibliographical references |
| 505 0# - FORMATTED CONTENTS NOTE | |
| Formatted contents note | Buy one, get two free -- The upside-down circus -- Bikini or die -- Please take out your wallets -- The secret sauce of Silicon Valley -- No way...engineering is for girls -- Turn lemonade into helicopters -- Paint the target around the arrow -- Will this be on the exam? -- Experimental artifacts -- Acknowledgments -- Notes |
| 520 0# - SUMMARY, ETC. | |
| Summary, etc. | International bestselling author shares fascinating examples, from the classroom to the boardroom, of individuals defying expectations, challenging assumptions, and achieving amazing success. The author throws out the old rules and provides a new model for reaching our highest potential |
| 650 #0 - SUBJECT ADDED ENTRY--TOPICAL TERM | |
| Topical term or geographic name entry element | Career education |
| Geographic subdivision | United States. |
| Topical term or geographic name entry element | Creative ability. |
| Topical term or geographic name entry element | Entrepreneurship. |
| Topical term or geographic name entry element | School-to-work transition |
| Geographic subdivision | United States. |
| Topical term or geographic name entry element | Technological innovations. |
| 942 ## - ADDED ENTRY ELEMENTS (KOHA) | |
| Source of classification or shelving scheme | Dewey Decimal Classification |
| Koha item type | Main |
| Withdrawn status | Lost status | Source of classification or shelving scheme | Damaged status | Not for loan | Collection code | Home library | Current library | Shelving location | Date acquired | Serial Enumeration / chronology | Inventory number | Total Checkouts | Total Renewals | Full call number | Barcode | Date last seen | Date last checked out | Copy number | Price effective from | Koha item type |
|---|---|---|---|---|---|---|---|---|---|---|---|---|---|---|---|---|---|---|---|---|
| Dewey Decimal Classification | Main TEST | RTC Library | RTC Library | Main opac | 27/11/2018 | 12169 | 21 | 16 | 370.11 SEE | 30012322 | 27/10/2025 | 07/10/2025 | 2 | 27/11/2018 | Main | |||||
| Dewey Decimal Classification | Main TEST | RTC Library | RTC Library | Main opac | 28/02/2023 | 177053 | 5 | 9 | 370.11 SEE | 30018141 | 19/03/2026 | 24/09/2025 | 28/02/2023 | Main |